हिन्दू सभ्यता में नारियों की स्थिति: (Record no. 203227)
[ view plain ]
| 000 -LEADER | |
|---|---|
| fixed length control field | 01132nam a22001937a 4500 |
| 005 - DATE AND TIME OF LATEST TRANSACTION | |
| control field | 20240524125148.0 |
| 010 ## - LCCN (DPL NO) | |
| LC control number | HIN-127697 |
| 020 ## - INTERNATIONAL STANDARD BOOK NUMBER | |
| International Standard Book Number | 9789387297777 |
| Terms of availability | 600.00 |
| 035 ## - SYSTEM CONTROL NUMBER | |
| System control number | HN-100043 |
| 037 ## - SOURCE OF ACQUISITION | |
| Source of stock number/acquisition | DBAD |
| 082 ## - DEWEY DECIMAL CLASSIFICATION NUMBER | |
| Classification number | 305.4 |
| Edition number | |
| 100 ## - MAIN ENTRY--PERSONAL NAME | |
| Personal name | अल्तेकर, ए.ऐस. |
| 245 ## - TITLE STATEMENT | |
| Title | हिन्दू सभ्यता में नारियों की स्थिति: |
| Remainder of title | प्रागैतिहासिक कालावधि से वर्तमान काल तक/ |
| Statement of responsibility, etc | ए.ऐस. अल्तेकर; गणेशीलाल सुथार द्वारा अनुवादित |
| 260 ## - PUBLICATION, DISTRIBUTION, ETC. (IMPRINT) | |
| Place of publication, distribution, etc | जोधपुर |
| Name of publisher, distributor, etc | राजस्थानी ग्रन्थागार |
| Date of publication, distribution, etc | 2020 |
| 270 ## - ADDRESS | |
| Address | प्रथम तल निकट गणेश मंदिर के सामने,सोजती गेट के बाहर, |
| City | जोधपुर |
| Postal code | 342001 |
| 300 ## - PHYSICAL DESCRIPTION | |
| Extent | 363पृ. : |
| Dimensions | 22सेमी(सजिल्द) |
| Other physical details | सचित्र |
| 700 ## - ADDED ENTRY--PERSONAL NAME | |
| Personal name | सुथार, गणेशीलाल |
| 9 (RLIN) | 66842 |
| 942 ## - ADDED ENTRY ELEMENTS (KOHA) | |
| Source of classification or shelving scheme | Dewey Decimal Classification |
| Item type | Hindi Books |
| Classification part | 305.4 |
| Call number suffix | अल्तेक |
| Withdrawn status | Lost status | Not for loan | Collection code | Home library | Current library | Date acquired | Source of acquisition | Cost, normal purchase price | Full call number | Barcode | Copy number | Cost, replacement price | Koha item type |
|---|---|---|---|---|---|---|---|---|---|---|---|---|---|
| Non-fiction | Central Library | Central Library | 24/05/2024 | DBAD | 600.00 | 305.4 अल्तेक | HN-100043 | 1 | 600.00 | Hindi Books |
